| 000 | 00574nam a2200229 a 4500 | ||
|---|---|---|---|
| 001 | nice12345678 | ||
| 003 | IN_TiNIC | ||
| 005 | 20260116014051.0 | ||
| 008 | 050524s1992 newa grp 000 0 eng | ||
| 020 |
_a0862328853 _c273.7 |
||
| 082 | 0 | 0 |
_a956 _bMAN |
| 100 | _aMansour, Fawzy | ||
| 245 | _aArab World, Nation State and Democracy | ||
| 260 |
_aNew Jersey _bZed Books _c1992 |
||
| 300 | _a135p | ||
| 500 | _aincludes index and biblioraphy | ||
| 505 | 2 | _aBibliography, Index | |
| 700 | 1 | _aMansour, Fawzy | |
| 902 | _bSRS | ||
| 942 | _cBK | ||
| 999 |
_c13727 _d13727 |
||